Normal view
MARC view
- Peacekeeping forces
Entry Topical Term
001 - CONTROL NUMBER
- control field: 129532
003 - CONTROL NUMBER IDENTIFIER
- control field: NUST
005 - DATE AND TIME OF LATEST TRANSACTION
- control field: 20250709151222.0
008 - FIXED-LENGTH DATA ELEMENTS
- fixed length control field: 250709|| aca||aabn | a|a d
040 ## - CATALOGING SOURCE
- Original cataloging agency: NUST
- Transcribing agency: NUST
150 ## - HEADING--TOPICAL TERM
- Topical term or geographic name entry element: Peacekeeping forces
- General subdivision: Moral and ethical aspects
670 ## - SOURCE DATA FOUND
- Source citation: Work cat.: (NUST)0: Henry, Marsha, author. 129531, The end of peacekeeping :
